10 người đàn bà làm chấn động thế giới

Guardat en:
Dades bibliogràfiques
Autor principal: Bốc Tùng Lâm
Format: Llibre
Idioma:Undetermined
Publicat: H. VHTT 2003
Matèries:
Etiquetes: Afegir etiqueta
Sense etiquetes, Sigues el primer a etiquetar aquest registre!
Thư viện lưu trữ: Trung tâm Học liệu Trường Đại học Cần Thơ
LEADER 00523nam a2200181Ia 4500
001 CTU_55554
008 210402s9999 xx 000 0 und d
020 |b 39000 
082 |a 895.13 
082 |b L120 
100 |a Bốc Tùng Lâm 
245 0 |a 10 người đàn bà làm chấn động thế giới 
245 0 |c Bốc Tùng Lâm; Phong Đảo dịch 
260 |a H. 
260 |b VHTT 
260 |c 2003 
650 |a chinese fiction 
980 |a Trung tâm Học liệu Trường Đại học Cần Thơ